Community infrastructure levy (Record no. 109902)

MARC details
000 -LEADER
fixed length control field 01207cad a22002415a 4500
001 - CONTROL NUMBER
control field E148135
008 - FIXED-LENGTH DATA ELEMENTS--GENERAL INFORMATION
fixed length control field 090804s2009 xxk f f000 0 eng d
020 ## - INTERNATIONAL STANDARD BOOK NUMBER
International Standard Book Number 9781409817390
035 ## - SYSTEM CONTROL NUMBER
System control number (Sirsi) u148135
041 0# - LANGUAGE CODE
Language code of text/sound track or separate title eng
050 04 - LIBRARY OF CONGRESS CALL NUMBER
Classification number 711.1 $2 18
110 2# - MAIN ENTRY--CORPORATE NAME
Corporate name or jurisdiction name as entry element United Kingdom
Subordinate unit Department for Communities and Local Government
9 (RLIN) 4939
245 00 - TITLE STATEMENT
Title Community infrastructure levy
Remainder of title detailed proposals and draft regulations for the introduction of the community infrastructure levy, consultation
Medium [electronic resource]
260 ## - PUBLICATION, DISTRIBUTION, ETC.
Place of publication, distribution, etc. London
Name of publisher, distributor, etc. DCLG
Date of publication, distribution, etc. 2009
520 ## - SUMMARY, ETC.
Summary, etc. Seeks views on proposals for the introduction of a Community Infrastructure Levy (CIL), which was contained within the Planning Act 2008. The CIL will be a levy on development which local authorities will be able to set to help fund infrastructure developments.
520 ## - SUMMARY, ETC.
Summary, etc. Deadline for comments is 23 October 2009.
521 ## - TARGET AUDIENCE NOTE
Target audience note Advanced
590 ## - LOCAL NOTE (RLIN)
Local note KA NTK
651 #4 - SUBJECT ADDED ENTRY--GEOGRAPHIC NAME
Geographic name England and Wales
Chronological subdivision 1543-
690 ## - LOCAL SUBJECT ADDED ENTRY--TOPICAL TERM (OCLC, RLIN)
Topical term or geographic name as entry element Planning and development
9 (RLIN) 6259
856 40 - ELECTRONIC LOCATION AND ACCESS
Uniform Resource Identifier <a href="https://www.communities.gov.uk/publications/planningandbuilding/communitylevyconsultation">https://www.communities.gov.uk/publications/planningandbuilding/communitylevyconsultation</a>
Public note View the consultation free of charge at www.communities.gov.uk...
942 ## - ADDED ENTRY ELEMENTS (KOHA)
Suppress in OPAC 0
Holdings
Withdrawn status Lost status Source of classification or shelving scheme Damaged status Not for loan Home library Current library Shelving location Date acquired Total Checkouts Full call number Barcode Date last seen Copy number Price effective from Koha item type
    Dewey Decimal Classification     Virtual Virtual Online 04/08/2009   ONLINE PUBLICATION 148135-2001 06/08/2019 1 06/08/2019 Book